Quarta Declinazione latina - Statistics

Statistiche generali
  • Questo quiz è stato fatto 33 volte
  • Il punteggio medio è 10 su 12
Statistiche sulle risposte
Caso Singolare % Corretto
Nominativo Fructŭs
100%
Genitivo Fructūs
100%
Ablativo Fructū
93%
Accusativo Fructŭm
93%
Vocativo Fructŭs
93%
Nominativo Fructūs
93%
Dativo Fructŭī
79%
Accusativo Fructūs
75%
Dativo Fructĭbŭs
71%
Vocativo Fructūs
61%
Ablativo Fructĭbŭs
54%
Genitivo Fructŭŭm
54%
Nessun quiz corrispondente trovato
Distribuzione punteggi
Percentuale di utenti per punteggio
Percentile per numero di risposta
I tuoi punteggi nel tempo
Non hai fatto questo quiz